000 00306nam a22001457a 4500
008 210225b ||||| |||| 00| 0 eng d
020 _a2900325004920
041 _aeng
080 _a82
082 _a82
100 _a21
101 _aGJL
245 _aReading Essentials
_cRoutman, R
942 _2udc
_cBK
999 _c55242
_d55242